Sobre la necesidad de ampliar la nómina de beneficiarios de pensiones por fallecimiento (art. 53, L. 24241) (Registro nro. 30000)

Detalles MARC
000 -LEADER
fixed length control field 00427 a2200121 4500
001 - CONTROL NUMBER
control field ART_55382
005 - DATE AND TIME OF LATEST TRANSACTION
control field 20260410161947.0
008 - FIXED-LENGTH DATA ELEMENTS--GENERAL INFORMATION
fixed length control field 260409a
100 1# - MAIN ENTRY--PERSONAL NAME
Personal name Yankielewicz, Daniela L.
245 10 - TITLE STATEMENT
Title Sobre la necesidad de ampliar la nómina de beneficiarios de pensiones por fallecimiento (art. 53, L. 24241)
700 1# - ADDED ENTRY--PERSONAL NAME
Personal name Olmo, Juan P.
773 0# - HOST ITEM ENTRY
Title Temas de derecho laboral
Related parts - N° 3 (mar. 2022)
Record control number REV27619

No hay ítems disponibles.